[Event "Ideal Clave op"]
[Site "Barcelona"]
[Date "1997.10.11"]
[Round "3"]
[White "Elias Arguelles, Manuel"]
[Black "Subirats Martinez, Miquel Angel"]
[Result "0-1"]
[WhiteElo "1920"]
[BlackElo "2025"]
[PlyCount "58"]
[EventDate "1997.09.??"]
[EventType "swiss"]
[EventRounds "9"]
[EventCountry "ESP"]
[SourceTitle "EXT 2003"]
[Source "ChessBase"]
[SourceDate "2002.11.25"]
[SourceVersion "1"]
[SourceVersionDate "2002.11.25"]
[SourceQuality "1"]

1. Nf3 Nf6 2. b3 g6 3. Bb2 Bg7 4. e3 c5 5. c4 Nc6 6. Be2 d6 7. d4 Ne4 8. 0-0 0-0 9. Nbd2 Bf5 10. Nxe4 Bxe4 11. Ng5 Bf5 12. f4 h6 13. Nf3 Nb4 14. Ne1 Nc6 15. Bf3 Qc7 16. g4 Bd7 17. Nc2 f5 18. h3 Rae8 19. Qd2 cxd4 20. exd4 e5 21. dxe5 dxe5 22. Bd5+ Kh7 23. fxe5 Nxe5 24. Rad1 fxg4 25. Rxf8 Rxf8 26. Bxe5 Qxe5 27. Bxb7 gxh3 28. Qxd7 Qg3+ 29. Kh1 Rf2 0-1